000 00766 a2200169 4500
020 _a0028618831 (paperback)
020 _a9780028618838 (paperback)
082 0 4 _a808.0666
090 _c4220
_d4220
100 1 _aKent, Peter.
245 1 0 _aArco making money in technical writing /
_cPeter Kent.
260 _a[S.l.] :
_bArco Pub,
_c1997.
300 _a280 p. ;
_c24 cm.
520 _aThe only book about selling your services as a freelance technical writer. Highly acclaimed within the freelance tech-writing business. Originally published as The Technical Writer's Freelancing Guide , this edition is greatly updated -- 80% of it is new.
856 4 0 _3Amazon.com
_uhttp://www.amazon.com/exec/obidos/ASIN/0028618831/chopaconline-20
942 _aNBS
_cBK
_k332.4 KEN
999 _c346670
_d346670